000 01113cam a2200325 4500
999 _c23581
_d23581
001 vtls012153965
005 20240710074906.0
008 221111s2022 xo e 000 f slo
020 _a9788055183886
_q(viazané)
040 _aSVKBB
_bslo
_cSVKBB
_dSNK
_erda
041 0 _aslo
044 _axo
_cSK
072 7 _a821.162.4-3
_xSlovenská próza
_2konspekt
080 _a821.162.4-31
_22011
080 _a(0:82-311.6)
_22011
100 1 _aŠiroká, Zuzana,
_d1979-
_4aut
_93931
245 1 0 _aVzdušné čiary
_cZuzana Široká
246 1 _iObálkový podnázov:
_aRomán o útekoch, hľadaní domova, lásky a vlastnej cesty
264 1 _aBratislava
_bIkar
_c2022
300 _a421 strán
_c21 cm
336 _atext
_btxt
_2rdacontent
337 _abez média
_bn
_2rdamedia
338 _azväzok
_bnc
_2rdacarrier
500 _aObsahuje biografické údaje o autorke na záložke prebalu publikácie
655 7 _aslovenské romány
_2SNKPH
_91694
655 7 _ahistorické romány
_2SNKPH
_91688
655 7 _aSlovak fiction
_2SNKPHeng
_91695
655 7 _aHistorical novels
_2SNKPHeng
_91689
958 _aLX